Statistics for Wish You Were Here - Pink Floyd - All Lyrics

Click here to take the quiz!

General Stats

  • This quiz has been taken 57 times
  • The average score is 95 of 115

Answer Stats

Answer% Correct
you
100%
we
98%
We’re
98%
were
98%
wish
98%
wish,
98%
A
96%
a
96%
here
96%
I
96%
So,
94%
so
94%
can
92%
Can
92%
Hell?
92%
in
92%
think
92%
after
90%
from
90%
How
90%
how
90%
just
90%
lost
90%
souls
90%
two
90%
year
90%
Heaven
88%
swimming
88%
tell?
88%
tell
88%
the
88%
The
88%
Blue
86%
fishbowl,
86%
Did
82%
Do
82%
skies
82%
to
82%
get
80%
pain?
80%
old
78%
Cold
76%
cold
76%
field
76%
green
76%
same
76%
for
73%
steel
73%
your
73%
found?
71%
cool
69%
rail?
69%
they
69%
trade
69%
fears,
67%
have
67%
Hot
67%
breeze?
65%
ground,
65%
heroes
65%
over
65%
trees?
65%
war
65%
cage?
63%
exchange
63%
lead
63%
part
63%
Running
63%
smile
63%
what
63%
air
61%
ashes
61%
role
61%
change?
59%
comfort
57%
veil?
57%
walk-on
57%
ghosts?
55%

Score Distribution

Percentile by Number Answered

Percent of People with Each Score

Your Score History

You have not taken this quiz